Deutsche Fußballvereine mit Blau im Wappen - Statistiken

Allgemein
  • Dieses Quiz wurde 148 mal gespielt
    134 seit der letzten Aktualisierung
  • Das Durchschnittsergebnis liegt bei 15 aus 20
Antwortstatistiken
Liga Verein % Korrekt
Bundesliga Hamburger SV
96%
Bundesliga Bayern München
95%
2. Bundesliga FC Schalke 04
94%
Bundesliga TSG 1899 Hoffenheim
94%
2. Bundesliga Hertha BSC
88%
2. Bundesliga VfL Bochum
87%
2. Bundesliga Holstein Kiel
86%
Bundesliga 1. FC Heidenheim
85%
2. Bundesliga 1. FC Magdeburg
79%
2. Bundesliga Karlsruher SC
79%
2. Bundesliga SC Paderborn 07
73%
2. Bundesliga SV Darmstadt 98
73%
2. Bundesliga Arminia Bielefeld
72%
3. Liga Hansa Rostock
70%
3. Liga MSV Duisburg
68%
2. Bundesliga Eintracht Braunschweig
67%
3. Liga Waldhof Mannheim
61%
3. Liga 1. FC Saarbrücken
60%
Bundesliga RB Leipzig
58%
3. Liga Erzgebirge Aue
43%
Keine übereinstimmenden Quizze gefunden
Verteilung der Resultate
Anzahl Personen mit jedem Resultat
Perzentil nach korrekt beantworteten Fragen
Ihre Resultats-Entwicklung
Sie haben dieses Quiz seit der letzten Aktualisierung nicht gespielt